01852nlm0 22002051i 450 001001300000006001900013007001500032008004100047020001800088040000800106100005200114245007100166260001200237260003000249300001000279520108800289856009301377856009601470856008001566HARMA 217870m g0 d cr mn ---auama260503c go d fre  a9782336620817 bfre0 aKamal Rafat-Safaï, Hamid Saba, Thierry Fournier aPérégrin - suivi de Poèmes posthumesbsuivi de Poèmes posthumes -  aParis : bEditions L'Harmattan a86 p. aPérégrin est le dernier recueil de poèmes de Kamal Rafat-Safaï, publié en 1993 alors que, vivant à Paris depuis cinq ans, il se savait gravement malade. Dans ce long chant d’adieux parsemé d’évocations de Chiraz, sa ville natale, se rouvrent les blessures de l’exil. À travers cette œuvre, le poète quitte le domaine conflictuel des idées pour les transmuer en images intimes d’une grande force.  <br>Ce recueil est suivi de quelques poèmes retrouvés dans ses papiers après son décès. De discrètes braises d’espoir, vite étouffées sous les cendres du réel, s’y mêlent aux regrets et à l’amertume qui le rongeaient.<br><br><em>Nous faisons des manières<br>mais la mort est sans détours<br>petits moineaux espiègles de mes yeux<br>le jeu est fini<br>vient l’autre envol<br>à l’heure de l’agonie<br>sois un témoin lucide :<br>cette verdure c’est la couleur<br>d’une herbe à demi mâchée<br>dans la gueule du serpent.</em>40uhttps://www.editions-harmattan.fr/catalogue/couv/9782336620817r.jpg2Image de couverture40uhttps://www.harmatheque.com/downloadebook/97823366208172Télécharger le livre au format PDF40uhttps://www.harmatheque.com/readebook/97823366208172Lire ce livre en ligne